Guess the Twenty-One Pilots Song Lyrics - Statistics

General Stats
  • This quiz has been taken 86 times
  • The average score is 26 of 79
Answer Stats
% Correct
a
86%
a
86%
you
84%
you
84%
the
75%
the
75%
the
75%
the
75%
the
75%
the
75%
the
75%
the
75%
to
59%
To
59%
to
59%
to
59%
to
59%
is
52%
your
51%
your
51%
of
43%
of
43%
of
43%
of
43%
it
40%
not
38%
for
37%
in
37%
in
37%
this
33%
time
32%
You're
32%
You're
32%
Try
27%
try
27%
from
25%
It's
25%
It's
25%
It's
25%
best
22%
like
22%
like
22%
like
22%
way
22%
way
22%
first
21%
just
21%
Just
21%
Welcome
17%
Welcome
17%
Welcome
17%
lavish
14%
lavish
14%
lavish
14%
new
14%
new
14%
seen
14%
front
13%
look
13%
Walk
13%
beginning
11%
beginning
11%
ceiling
11%
floor
11%
haven't
11%
nice
11%
nice,
11%
real
11%
that's
11%
while
11%
deserve
10%
living
10%
living
10%
fighting
8%
row,
8%
smelling
8%
style
8%
worth
8%
looking
6%
No matching quizzes found
Score Distribution
Percent of People with Each Score
Percentile by Number Answered
Your Score History
You have not taken this quiz